Subdivision capitals closest to Liberec (CZ) - Statistics

General Stats
  • This quiz has been taken 34 times
  • The average score is 14 of 20
Answer Stats
Distance (km) Answer % Correct
3 88 Praha
100%
14 207 Brno
91%
2 82 Hradec Králové
91%
19 252 Ostrava
91%
1 73 Ústí nad Labem
91%
4 96 Pardubice
86%
5 98 Dresden
82%
10 166 Karlovy Vary
82%
12 204 Olomouc
82%
9 165 Plzeň
82%
17 226 Berlin
77%
13 204 České Budějovice
77%
20 253 Zlín
77%
8 157 Jihlava
73%
7 143 Wrocław
64%
6 134 Zielona Góra
36%
11 202 Opole
32%
18 228 Potsdam
32%
16 224 Poznań
32%
15 219 Gorzów Wielkopolski
27%
No matching quizzes found
Score Distribution
Percent of People with Each Score
Percentile by Number Answered
Your Score History
You have not taken this quiz